Como Funciona a Ciência (Registo nº 201006)

Detalhes MARC
000 -Etiqueta do registo
Valores 00668nam 22002053 4500
010 ## - Número ISBN
ISBN 972-609-066-0
100 ## - Dados gerais de processamento
Dados gerais 20260305d u||y0pory50 ba
101 ## - Língua de publicação
Língua Português
200 ## - Titulo e menção de responsabilidade
Título próprio Como Funciona a Ciência
Informação de outro título Que Revelam os Segredos da Ciência
Primeira menção de responsabilidade Judith Hann
210 ## - Publicação
Local de publicação [S. I.]
Nome do editor Selecções do Reader's Digest
Data de publicação 1991
215 ## - Descrição física 
Paginação / Volumes 192 p. : muito il.
Outras indicações físicas Encadernado
Dimensões 29 cm
225 ## - Colecção 
Título próprio da colecção À Descoberta do Nosso Mundo
606 ## - Nome comum usado como assunto
ID Autoridade 16673
Palavra de ordem Ciências Aplicadas
Subdivisão assunto Para crianças
675 ## - CDU
Notação 087.5:6/HAN/COM
Edição PT
Língua por
700 ## - Autor principal (pessoa individual)
ID Autoridade 16674
Apelido Hann
Nome Judith
801 ## - Fonte de origem
País PT
Agência BMMN
Regras de catalogação RPC
830 ## - Notas gerais do catalogador
Criado por Carlos Pinto
Data de criação 05-03-2026
Indexado por Carlos Pinto
990 ## - Elementos KOHA
Tipo de documento Livro
Exemplares
Situação do levantamento Biblioteca de origem Código de barras Cota Permissão de empréstimo Tipo de documento Forma de aquisição
  Biblioteca Escolar Ciborro 30277 087.5:6/HAN/COM   Livro Oferta

Powered by Koha